A combatir dragones
Uloženo v:
| Hlavní autor: | |
|---|---|
| Médium: | Kniha |
| Jazyk: | španělština |
| Vydáno: |
Santiago
Alicanto
1990
|
| Vydání: | 1a. ed |
| Témata: | |
| Tagy: |
Přidat tag
Žádné tagy, Buďte první, kdo vytvoří štítek k tomuto záznamu!
|
MARC
| LEADER | 00000nam a2200000 a 4500 | ||
|---|---|---|---|
| 001 | UCH6902 | ||
| 003 | CL-VaPUC | ||
| 008 | 091109e19900000CL |||||||||||||||||spa|d | ||
| 082 | 0 | 4 | |a Ch863 |b SCH |2 21 |
| 100 | 0 | |a Schkolnik, Saúl |e author |9 543472 | |
| 245 | 1 | 0 | |a A combatir dragones |
| 250 | |a 1a. ed | ||
| 300 | |a 14 p | ||
| 942 | |c BK | ||
| 945 | |d 20091109 00:00:00 |a lazolas | ||
| 260 | |a Santiago |b Alicanto |c 1990 | ||
| 650 | 0 | |a Literatura |9 259151 | |
| 650 | 0 | |a Literatura chilena |9 308278 | |
| 650 | 0 | |a Cuentos |9 308079 | |
| 650 | 0 | |a Cuentos chilenos |9 308280 | |
| 650 | 0 | |a Escritores chilenos |9 420370 | |
| 650 | 0 | |a Cuentos infantiles |9 308044 | |
| 650 | 0 | |a Lectura |9 307634 | |
| 583 | |a last modification |c 20091109 00:00:00 |k Rodrigo Vera | ||
| 999 | |c 337703 |d 337701 | ||